000 00743nam a2200205 a 4500
001 23068
003 CO-ViMGA
008 141112s2004 ck r 000 u spa d
020 _a9701501888
040 _aCO-ViMGA
_bspa
_cCO-ViMGA
082 0 4 _a621.38224 J173c
100 1 _aJardòn Aguilar, Hildelbrando
_933196
245 1 0 _aCompatibilidad electromagnètica de los sitemas de radiocomunicación
260 _aMéxico :
_bAlfaomega
300 _a220p.
505 _aIntroduccion a la compatbilidad electromagnética de los sistemas, Analisis de las interferencias electromagnéticas, Caracteristicas de los transmisores
650 1 4 _aCOMPATIBILIDAD ELECTROMAGNética
_933197
650 1 4 _aONDAS ELETROMAGNéticaS
_933198
942 _2ddc
_cBK
999 _c31348
_d31348